LIBRARY & INFORMATION CENTRE, KCAET, TAVANUR

ONLINE PUBLIC ACCESS CATALOGUE (OPAC)

Soils and Environmental Quality (Record no. 14314)

MARC details
000 -LEADER
fixed length control field 00412nam a22001697a 4500
003 - CONTROL NUMBER IDENTIFIER
control field OSt
008 - FIXED-LENGTH DATA ELEMENTS--GENERAL INFORMATION
fixed length control field 240222b |||||||| |||| 00| 0 eng d
020 ## - INTERNATIONAL STANDARD BOOK NUMBER
ISBN 849316162
041 ## - LANGUAGE CODE
Language code of text/sound track or separate title eng
082 ## - DEWEY DECIMAL CLASSIFICATION NUMBER
Classification number 631.4
Item number PIE/SO
100 ## - MAIN ENTRY--AUTHOR NAME
Personal name Pierzynski,Gary.M
-- Sims,Thomas.J
-- Vance,George.F
245 ## - TITLE STATEMENT
Title Soils and Environmental Quality
250 ## - EDITION STATEMENT
Edition statement 3
260 ## - PUBLICATION, DISTRIBUTION, ETC. (IMPRINT)
Place of publication New York
Name of publisher CRC
Year of publication 2014
300 ## - PHYSICAL DESCRIPTION
Number of Pages 569
942 ## - ADDED ENTRY ELEMENTS (KOHA)
Koha item type Books
Holdings
Withdrawn status Lost status Damaged status Collection code Home library Current library Shelving location Date acquired Source of acquisition Cost, normal purchase price Full call number Accession Number Koha item type
      Non-fiction KAUAET KAUAET General Stacks 15/06/2016 Dream Tech, Trivandrum 7186.31 631.4 PIE/SO 24442 Books
free website counter